| 000 | 01880na a2200421 4500 | ||
|---|---|---|---|
| 001 | 16359 | ||
| 003 | MIRAKIL | ||
| 005 | 20181213155138.0 | ||
| 008 | 170213b tu 000 0 | ||
| 035 | _a16359 | ||
| 040 |
_aMilas _btur _cTR-AnCHP |
||
| 041 | _atur | ||
| 082 |
_aCHP 324.217207 _bK25c 1940 |
||
| 090 | _aCHP 324.217207 K25c 1940 | ||
| 100 | _aKansu, Şevket Aziz | ||
| 222 | _aCumhuriyet Halk Partisi Konferansları | ||
| 245 |
_aAnadolunun ilk iptidai beşeriyetine ait olarak meydana çıkardığım vesikalar ve neticeleri ; Dış alem meselesi : Matematik bakımından ; Neslin korunması ; İnsan hayatı tezahürlerine objektif bir bakış ; Madde ve kainat telakkileri _cŞevket Aziz Kansu ;Kerim Erim ; Sara Akdik ; Hayri Kaleli ; Münif Çelebi |
||
| 260 |
_aAnkara _bCHP _c1940 _fRecep Ulusoğlu Basımevi |
||
| 300 |
_a57 s. _c23 sm. |
||
| 440 |
_aC.H.P. _pKonferanslar serisi _v14 |
||
| 500 | _aYapıt, yazarların konferans konuşmalarını içermektedir | ||
| 505 | _aAnadolunun ilk iptidai beşeriyetine ait olarak meydana çıkardığım vesikalar ve neticeleri / Şevket Aziz kansu; Dış alem meselesi: Matematik bakımından / Kerim Erim; Neslin korunması/ Sara Akdir ; İnsan hayatı tezahürlerine objektif bir bakış/Hayri Kaleli; Madde ve kainat telakkileri/Münif Çelebi | ||
| 610 |
_aCumhuriyet Halk Partisi (CHP) _xKonferanslar ve seminerler |
||
| 650 | _aFelsefe | ||
| 650 | _aEtnoloji | ||
| 650 | _aAntropoloji | ||
| 657 | _aCHP konferansları | ||
| 700 | _aErim, Kerim | ||
| 700 | _aÇelebi, Münif | ||
| 700 | _aKaleli, Hayri | ||
| 700 | _aAkdik, Sara | ||
| 740 | _aNeslin korunması | ||
| 740 | _aMadde ve kainat telakkileri | ||
| 740 | _aİnsan hayati tezahürlerine objektif bir bakış | ||
| 740 | _aDış alem meselesi : Matematik bakımından | ||
| 830 | _aCHP Yayınları | ||
| 942 |
_2ddc _cBKS |
||
| 999 |
_c7419 _d7419 |
||